000 00318nam a2200133 a 4500
001 4140
005 20140414131916.0
008 090218s19uu xx 00 eng d
050 _aER
_bF83 1982
100 _aMarshall, Edward
245 _aFox in love.
260 _aNew York :
_bScholastic ,
_c1982.
999 _c111450
_d111450